[Event "SLO-chT3 West"]
[Site "Komenda"]
[Date "2022.12.10"]
[Round "3.1"]
[White "Kozlovic, Jernej"]
[Black "Drobnic, Milan"]
[Result "1/2-1/2"]
[WhiteElo "1852"]
[BlackElo "1984"]
[PlyCount "83"]
[EventDate "2022.12.09"]
[EventType "team-swiss"]
[EventRounds "5"]
[EventCountry "SLO"]
[SourceTitle "EXT 2024"]
[Source "ChessBase"]
[SourceDate "2023.10.10"]
[SourceVersion "1"]
[SourceVersionDate "2023.10.10"]
[SourceQuality "1"]
[WhiteTeam "Val Koper"]
[BlackTeam "Loska Dolina"]
[WhiteTeamCountry "SLO"]
[BlackTeamCountry "SLO"]

1. e4 d6 2. d4 Nf6 3. Bd3 e5 4. c3 Be7 5. Nf3 Nbd7 6. 0-0 0-0 7. Re1 c6 8. a4 Qc7 9. a5 Re8 10. Nbd2 Nf8 11. dxe5 dxe5 12. Nc4 Ng6 13. h3 Nh5 14. Bf1 Be6 15. Be3 Nhf4 16. Qa4 Qc8 17. Ncxe5 Nxe5 18. Nxe5 Nxh3+ 19. gxh3 Bxh3 20. Qd1 Bf6 21. Bxh3 Qxh3 22. Qg4 Qxg4+ 23. Nxg4 Bh4 24. Bd4 h5 25. Nh2 Bd8 26. f3 Bc7 27. Red1 Red8 28. Bf2 Bxa5 29. Rxd8+ Bxd8 30. Rxa7 Rb8 31. Bg3 Bb6+ 32. Bf2 Bxa7 33. Bxa7 Ra8 34. Bd4 f6 35. Nf1 Kf7 36. Ne3 g6 37. b4 Ra2 38. Ng2 g5 39. Kh2 Ke6 40. Kg3 f5 41. exf5+ Kxf5 42. Ne3+ 1/2-1/2

[Event "EU-ch U14 30th"]
[Site "Antalya"]
[Date "2022.11.07"]
[Round "2"]
[White "Kozlovic, Jernej"]
[Black "Kuhn, Clement"]
[Result "0-1"]
[WhiteElo "1914"]
[BlackElo "2258"]
[PlyCount "104"]
[EventDate "2022.11.06"]
[EventType "swiss"]
[EventRounds "9"]
[EventCountry "TUR"]
[SourceTitle "EXT 2024"]
[Source "ChessBase"]
[SourceDate "2023.10.10"]
[SourceVersion "1"]
[SourceVersionDate "2023.10.10"]
[SourceQuality "1"]

1. e4 e6 2. d4 d5 3. Nd2 Nc6 4. Ngf3 Nf6 5. e5 Nd7 6. Nb3 f6 7. Bb5 a6 8. Bxc6 bxc6 9. Be3 a5 10. a4 fxe5 11. Nxe5 Nxe5 12. dxe5 Qh4 13. Qd4 Qh5 14. f3 Bb4+ 15. c3 Be7 16. 0-0-0 0-0 17. Nc5 Rb8 18. f4 Kh8 19. Rd2 Qe8 20. h3 Bxc5 21. Qxc5 Ba6 22. g4 Bc4 23. Rhh2 Bb3 24. Rd4 g5 25. Qxa5 c5 26. Qxc5 gxf4 27. Bxf4 Bc4 28. Rf2 Qxa4 29. Qa3 Qxa3 30. bxa3 Rb3 31. Rf3 Rxa3 32. h4 c5 33. Rxc4 dxc4 34. Kd2 Ra2+ 35. Ke3 Rc2 36. Ke4 Rd8 37. Re3 Rdd2 38. Bg3 Re2 39. Be1 Kg7 40. Kf3 Rxe3+ 41. Kxe3 Kg6 42. Kf4 h5 43. g5 Rc1 44. Bd2 Rh1 45. Kg3 Rd1 46. Be3 Rd3 47. Kf4 Rxc3 48. Bxc5 Rh3 49. Be3 Rxh4+ 50. Kf3 Rh3+ 51. Ke2 Rxe3+ 52. Kxe3 Kxg5 0-1

[Event "EU-ch U14 Rapid"]
[Site "Thessaloniki"]
[Date "2022.07.21"]
[Round "6"]
[White "Bazilius, Augustinas"]
[Black "Kozlovic, Jernej"]
[Result "0-1"]
[WhiteElo "1947"]
[BlackElo "1768"]
[PlyCount "159"]
[EventDate "2022.07.20"]
[EventType "swiss (rapid)"]
[EventRounds "9"]
[EventCountry "GRE"]
[SourceTitle "EXT 2023"]
[Source "ChessBase"]
[SourceDate "2022.10.05"]
[SourceVersion "1"]
[SourceVersionDate "2022.10.05"]
[SourceQuality "1"]

1. d4 d5 2. c4 c6 3. Nf3 Nf6 4. g3 Bf5 5. Nc3 e6 6. Nh4 dxc4 7. Nxf5 exf5 8. e3 Nbd7 9. Bxc4 Nb6 10. Bb3 Be7 11. 0-0 0-0 12. Qf3 Qd7 13. Bc2 g6 14. b3 Nbd5 15. Nxd5 Nxd5 16. a3 h5 17. h4 Bf6 18. Bb2 Rfe8 19. Rad1 Bg7 20. Rfe1 Nf6 21. Rd2 Ne4 22. Bxe4 Rxe4 23. Red1 Qd5 24. Rd3 a5 25. Rc1 Bf8 26. Qd1 Rae8 27. Qd2 Bd6 28. Bc3 Ra8 29. b4 axb4 30. Bxb4 Ree8 31. Rb1 b5 32. Qc2 Ra6 33. Qb3 Qxb3 34. Rdxb3 Bxb4 35. axb4 Rb8 36. Kf1 Kf8 37. Ke2 Ke7 38. Kd3 Ra2 39. R1b2 Rba8 40. Kc3 Ra1 41. Rc2 Rf1 42. Kd3 Kd6 43. Ke2 Rh1 44. Rbc3 Ra6 45. Rc5 Rb1 46. d5 Rxb4 47. dxc6 Kc7 48. Kd3 Rb6 49. Kd2 Rb1 50. Ke2 b4 51. Kd2 b3 52. Rc1 Rb2+ 53. Ke1 Ra2 54. Rb1 b2 55. Kd2 Rxc6 56. Rb5 Rb6 57. Rxb6 Kxb6 58. Kc3 Kc5 59. Kb3 Ra7 60. Rxb2 Rb7+ 61. Kc3 Rxb2 62. Kxb2 Kd5 63. Kc2 Ke4 64. Kd2 Kf3 65. Ke1 f6 66. Kf1 g5 67. Kg1 f4 68. exf4 gxf4 69. Kh2 Kxf2 70. Kh3 f5 71. gxf4 Kf3 72. Kh2 Kg4 73. Kg2 Kxf4 74. Kh3 Kf3 75. Kh2 Kf2 76. Kh3 f4 77. Kh2 f3 78. Kh3 Ke2 79. Kg3 f2 80. Kh2 0-1

[Event "EU-chT U18"]
[Site "Thessaloniki"]
[Date "2022.07.15"]
[Round "4.7"]
[White "Dias, Savin"]
[Black "Kozlovic, Jernej"]
[Result "0-1"]
[WhiteElo "1894"]
[BlackElo "2088"]
[PlyCount "56"]
[EventDate "2022.07.12"]
[EventType "team-swiss"]
[EventRounds "7"]
[EventCountry "GRE"]
[SourceTitle "CBM 209 Extra"]
[Source "ChessBase"]
[SourceDate "2022.09.30"]
[SourceVersion "1"]
[SourceVersionDate "2022.09.30"]
[SourceQuality "1"]
[WhiteTeam "England U18"]
[BlackTeam "Slovenia U18 II"]
[WhiteTeamCountry "ENG"]
[BlackTeamCountry "SLO"]

1. d4 d5 2. c4 c6 3. Nf3 Nf6 4. Nc3 a6 5. Bg5 Ne4 6. e3 Nxg5 7. Nxg5 e5 8. Nxf7 Kxf7 9. Qh5+ g6 10. Qf3+ Qf6 11. Qxf6+ Kxf6 12. dxe5+ Kxe5 13. f4+ Kf6 14. cxd5 Bb4 15. 0-0-0 Bxc3 16. bxc3 Bg4 17. Rd4 cxd5 18. h3 Be6 19. g4 Nc6 20. Rd3 g5 21. f5 Bf7 22. Bg2 Ne5 23. Rd4 h5 24. c4 Rac8 25. Kb1 Rxc4 26. Rxc4 Nxc4 27. Rc1 hxg4 28. hxg4 Rh2 0-1

[Event "Forni di Sopra op 13th"]
[Site "Forni di Sopra"]
[Date "2022.06.14"]
[Round "3"]
[White "Ceschia, Ivano"]
[Black "Kozlovic, Jernej"]
[Result "1/2-1/2"]
[WhiteElo "2252"]
[BlackElo "2005"]
[PlyCount "43"]
[EventDate "2022.06.12"]
[EventType "swiss"]
[EventRounds "9"]
[EventCountry "ITA"]
[SourceTitle "EXT 2023"]
[Source "ChessBase"]
[SourceDate "2022.10.05"]
[SourceVersion "1"]
[SourceVersionDate "2022.10.05"]
[SourceQuality "1"]

1. d4 d5 2. Nf3 Nf6 3. e3 Bf5 4. c4 c6 5. cxd5 cxd5 6. Nc3 Nc6 7. Ne5 e6 8. Bb5 Rc8 9. 0-0 Bd6 10. Qa4 Qb6 11. Nxc6 bxc6 12. Ba6 Rc7 13. b3 0-0 14. Ba3 Bxa3 15. Qxa3 c5 16. dxc5 Qxc5 17. Qxc5 Rxc5 18. Na4 Rc6 19. Bb5 Rc2 20. Ba6 Rc6 21. Bb5 Rc2 22. Ba6 1/2-1/2